000 00499nam a2200181Ia 4500
005 20250508163325.0
008 008 250505s9999 xx 000 0 eng d
037 _aTextual
040 _aFEDL
_beng
_cFEDL
041 _aeng
_2eng
084 _a407, LON
_qFEDL
100 _aLonergan Jack
_9773501
245 0 _aVideo in language teaching
260 _aCambridge
_bCambridge University Press
_c1985
300 _avii,133p.
942 _cTEXL
_h407, LON
999 _c1382323
_d1382323